Detalles MARC
| 000 -CABECERA |
| campo de control de longitud fija |
02072nam a2200373 a 4500 |
| 003 - IDENTIFICADOR DEL NÚMERO DE CONTROL |
| campo de control |
DO-SdBNP |
| 005 - FECHA Y HORA DE LA ÚLTIMA TRANSACCIÓN |
| campo de control |
20250408123232.0 |
| 007 - CAMPO FIJO DE DESCRIPCIÓN FÍSICA--INFORMACIÓN GENERAL |
| campo de control de longitud fija |
ta |
| 008 - DATOS DE LONGITUD FIJA--INFORMACIÓN GENERAL |
| campo de control de longitud fija |
211229e2014 dr ||||er|||| 001 pdspa d |
| 020 ## - NÚMERO INTERNACIONAL ESTÁNDAR DEL LIBRO |
| Número Internacional Estándar del Libro |
9789945498233 |
| 040 ## - FUENTE DE LA CATALOGACIÓN |
| Centro catalogador/agencia de origen |
DO-SdBNP |
| Lengua de catalogación |
spa |
| Centro/agencia transcriptor |
BNPHU |
| 082 #4 - NÚMERO DE LA CLASIFICACIÓN DECIMAL DEWEY |
| Número de edición |
22 |
| Número de documento/Ítem |
P796c |
| 245 10 - MENCIÓN DE TÍTULO |
| Título |
Ponencias del coloquio Henri Meschonnic / |
| Mención de responsabilidad, etc. |
Manuel Matos Moquete, [et...al] ; Editor, Diógenes Céspedes; Presentación, Rafael Morla |
| 260 ## - PUBLICACIÓN, DISTRIBUCIÓN, ETC. |
| Lugar de publicación, distribución, etc. |
Santo Domingo : |
| Nombre del editor, distribuidor, etc. |
Universitaria - UASD, |
| Fecha de publicación, distribución, etc. |
2014 |
| 300 ## - DESCRIPCIÓN FÍSICA |
| Extensión |
181 p. ; |
| Dimensiones |
23 cm. |
| 490 ## - MENCIÓN DE SERIE |
| Mención de serie |
Lingüística y sociedad; |
| Designación de volumen o secuencia |
100 |
| 490 ## - MENCIÓN DE SERIE |
| Mención de serie |
Universidad Autónoma de Santo Domingo; |
| Designación de volumen o secuencia |
1590 |
| 500 ## - NOTA GENERAL |
| Nota general |
Incluye datos biográficos de los autores, p. 173-181 |
| 505 0# - NOTA DE CONTENIDO CON FORMATO |
| Nota de contenido con formato |
Presentación. |
| 505 0# - NOTA DE CONTENIDO CON FORMATO |
| Nota de contenido con formato |
Introducción. |
| 505 0# - NOTA DE CONTENIDO CON FORMATO |
| Nota de contenido con formato |
Resolución No. 2010-027 que crea la Cátedra Extracurricular. |
| Título |
Palabras del rector Franklin García Fermín. / |
| Mención de responsabilidad |
Diógenes Céspedes.-- |
| Título |
Discurso de presentación de Hugo Savino. / |
| Mención de responsabilidad |
Hugo Savino.-- |
| Título |
Discurso inaugural de la Cátedra Henri Meschonnic. / |
| Mención de responsabilidad |
Manuel Matos Moquete.-- |
| Título |
Henri Meschonnic en la Crítica literaria Dominicana. / |
| Mención de responsabilidad |
Andrés Merejo.-- |
| Título |
El discuros Meschonnic en el plano cultural y filosófico dominicano. Pasión y crítica de los ochenta. / |
| Mención de responsabilidad |
Manuel García Cartagena.-- |
| Título |
Meschonnic en la UASD: Algunos recuerdos de los años ochenta. / |
| Mención de responsabilidad |
Manuel Núñez.-- |
| Título |
Los grandes temas de Henri Meschonnic |
| Mención de responsabilidad |
Mateo Morrison.-- |
| Título |
Hacia una revisión de mi concepción de la poesía y mi práctica escritural y los efectos de la poética. |
| 590 ## - NOTA LOCAL (RLIN) |
| Nota local |
Inventriado 2021 / MF |
| 700 1# - PUNTO DE ACCESO ADICIONAL--NOMBRE DE PERSONA |
| Nombre de persona |
Matos Moquete, Manuel, |
| Fechas asociadas al nombre |
1944- |
| 9 (RLIN) |
6349 |
| 700 1# - PUNTO DE ACCESO ADICIONAL--NOMBRE DE PERSONA |
| Nombre de persona |
García Cartagena, Manuel |
| 9 (RLIN) |
12067 |
| 700 1# - PUNTO DE ACCESO ADICIONAL--NOMBRE DE PERSONA |
| Nombre de persona |
Merejo, Andrés |
| 9 (RLIN) |
469 |
| 700 1# - PUNTO DE ACCESO ADICIONAL--NOMBRE DE PERSONA |
| Nombre de persona |
Núñez, Manuel, |
| Fechas asociadas al nombre |
1957- |
| 9 (RLIN) |
2366 |
| 700 1# - PUNTO DE ACCESO ADICIONAL--NOMBRE DE PERSONA |
| Nombre de persona |
Morrison, Mateo, |
| Fechas asociadas al nombre |
1947- |
| 9 (RLIN) |
1469 |
| 700 1# - PUNTO DE ACCESO ADICIONAL--NOMBRE DE PERSONA |
| Nombre de persona |
Céspedes, Diógenes, |
| Fechas asociadas al nombre |
1941- |
| Término indicativo de función/relación |
ed. |
| 9 (RLIN) |
20548 |
| 700 ## - PUNTO DE ACCESO ADICIONAL--NOMBRE DE PERSONA |
| 9 (RLIN) |
33792 |
| Nombre de persona |
Morla, Rafael |
| Término indicativo de función/relación |
presentación. |
| 830 ## - PUNTO DE ACCESO ADICIONAL DE SERIE-TÍTULO UNIFORME |
| Título uniforme |
Lingüística y sociedad; |
| Lenguaje de la obra |
spa |
| Número de parte o sección de la obra |
100 |
| 9 (RLIN) |
80909 |
| 830 ## - PUNTO DE ACCESO ADICIONAL DE SERIE-TÍTULO UNIFORME |
| Título uniforme |
Universidad Autónoma de Santo Domingo; |
| Lenguaje de la obra |
spa |
| Número de parte o sección de la obra |
1590 |
| 9 (RLIN) |
80910 |
| 910 ## - DATOS DE OPCIÓN DEL USUARIO (OCLC) |
| Datos de opción del usuario |
MFéliz |
| 942 ## - ELEMENTOS DE PUNTO DE ACCESO ADICIONAL (KOHA) |
| Fuente del sistema de clasificación o colocación |
Dewey Decimal Classification |
| Tipo de ítem Koha |
Libro |